Is This the one? (Record no. 66844)

MARC details
000 -LEADER
fixed length control field 01000cam a2200217 4500
001 - CONTROL NUMBER
control field ABS63871
008 - FIXED-LENGTH DATA ELEMENTS--GENERAL INFORMATION
fixed length control field 000000n2001 000 0 eng u
035 ## - SYSTEM CONTROL NUMBER
System control number (Sirsi) u112265
100 ## - MAIN ENTRY--PERSONAL NAME
Personal name Baldock, H.
245 ## - TITLE STATEMENT
Title Is This the one?
260 ## - PUBLICATION, DISTRIBUTION, ETC.
Date of publication, distribution, etc. 2001
490 ## - SERIES STATEMENT
Series statement Building
Volume/sequential designation 266(8180) 12 April 2001, 42-43(2)
520 ## - SUMMARY, ETC.
Summary, etc. Describes Asite a new construction portal which aims to become the central information hub for the entire property industry. The new portal has a number of strong backers which it needs to if it is to compete in this very difficult internet market. Asite plans to offer a suite of electronic products that enables users to integrate project management, procurement and cost management. Still in pilot stage, Asite will go live in late summer, the web address is www.asite.com
590 ## - LOCAL NOTE (RLIN)
Local note ABS
650 ## - SUBJECT ADDED ENTRY--TOPICAL TERM
Topical term or geographic name entry element ASITE
650 ## - SUBJECT ADDED ENTRY--TOPICAL TERM
Topical term or geographic name entry element CONSTRUCTION INDUSTRY
650 ## - SUBJECT ADDED ENTRY--TOPICAL TERM
Topical term or geographic name entry element INTERNET PORTAL
650 ## - SUBJECT ADDED ENTRY--TOPICAL TERM
Topical term or geographic name entry element ARCHITECTS
690 ## - LOCAL SUBJECT ADDED ENTRY--TOPICAL TERM (OCLC, RLIN)
Topical term or geographic name as entry element INFORMATION TECHNOLOGY-INTERNET
942 ## - ADDED ENTRY ELEMENTS (KOHA)
Suppress in OPAC 0
Holdings
Withdrawn status Lost status Source of classification or shelving scheme Damaged status Not for loan Home library Current library Shelving location Date acquired Total Checkouts Full call number Barcode Date last seen Copy number Price effective from Koha item type
    Dewey Decimal Classification     London London Journal article 30/04/2001   ABS63871 112265-1001 06/08/2019 1 06/08/2019 Journal article